<?xml version="1.0" encoding="UTF-8"?>
<record
    xmlns:xsi="http://www.w3.org/2001/XMLSchema-instance"
    xsi:schemaLocation="http://www.loc.gov/MARC21/slim http://www.loc.gov/standards/marcxml/schema/MARC21slim.xsd"
    xmlns="http://www.loc.gov/MARC21/slim">

  <leader>00831nam a2200193Ia 4500</leader>
  <controlfield tag="008">151121s9999||||xx |||||||||||||| ||und||</controlfield>
  <datafield tag="082" ind1=" " ind2=" ">
    <subfield code="a">833- / &#x91D;&#x93E;&#x930;&#x940;</subfield>
  </datafield>
  <datafield tag="082" ind1=" " ind2=" ">
    <subfield code="b">HNW-77658</subfield>
  </datafield>
  <datafield tag="100" ind1=" " ind2=" ">
    <subfield code="a">&#x91D;&#x93E;&#x930;&#x940; &#x935;&#x93F;&#x91C;&#x92F;&#x926;&#x947;&#x935; - &#x938;&#x902;&#x92A;&#x93E; &#x964;</subfield>
  </datafield>
  <datafield tag="245" ind1=" " ind2=" ">
    <subfield code="a">&#x92E;&#x941;&#x938;&#x94D;&#x932;&#x93F;&#x92E;-&#x92A;&#x930;&#x93F;&#x935;&#x947;&#x936; &#x915;&#x940; &#x935;&#x93F;&#x936;&#x93F;&#x937;&#x94D;&#x91F; &#x915;&#x939;&#x93E;&#x928;&#x93F;&#x92F;&#x93E;&#x901;</subfield>
  </datafield>
  <datafield tag="260" ind1=" " ind2=" ">
    <subfield code="b">&#x932;&#x93F;&#x91F;&#x94D;&#x930;&#x947;&#x938;&#x940; &#x939;&#x93E;&#x90A;&#x938;</subfield>
  </datafield>
  <datafield tag="260" ind1=" " ind2=" ">
    <subfield code="c">--</subfield>
  </datafield>
  <datafield tag="300" ind1=" " ind2=" ">
    <subfield code="a">176</subfield>
  </datafield>
  <datafield tag="600" ind1=" " ind2=" ">
    <subfield code="a">&#x91D;&#x93E;&#x930;&#x940; &#x935;&#x93F;&#x91C;&#x92F;&#x926;&#x947;&#x935; - &#x938;&#x902;&#x92A;&#x93E; &#x964;</subfield>
  </datafield>
  <datafield tag="630" ind1=" " ind2=" ">
    <subfield code="a">&#x92E;&#x941;&#x938;&#x94D;&#x932;&#x93F;&#x92E;-&#x92A;&#x930;&#x93F;&#x935;&#x947;&#x936; &#x915;&#x940; &#x935;&#x93F;&#x936;&#x93F;&#x937;&#x94D;&#x91F; &#x915;&#x939;&#x93E;&#x928;&#x93F;&#x92F;&#x93E;&#x901;</subfield>
  </datafield>
  <datafield tag="700" ind1=" " ind2=" ">
    <subfield code="a">&#x91D;&#x93E;&#x930;&#x940; &#x935;&#x93F;&#x91C;&#x92F;&#x926;&#x947;&#x935; - &#x938;&#x902;&#x92A;&#x93E; &#x964;</subfield>
  </datafield>
  <datafield tag="730" ind1=" " ind2=" ">
    <subfield code="a">&#x92E;&#x941;&#x938;&#x94D;&#x932;&#x93F;&#x92E;-&#x92A;&#x930;&#x93F;&#x935;&#x947;&#x936; &#x915;&#x940; &#x935;&#x93F;&#x936;&#x93F;&#x937;&#x94D;&#x91F; &#x915;&#x939;&#x93E;&#x928;&#x93F;&#x92F;&#x93E;&#x901;</subfield>
  </datafield>
  <datafield tag="942" ind1=" " ind2=" ">
    <subfield code="c">BOOK</subfield>
  </datafield>
  <datafield tag="999" ind1=" " ind2=" ">
    <subfield code="c">1259074</subfield>
    <subfield code="d">1259071</subfield>
  </datafield>
  <datafield tag="952" ind1=" " ind2=" ">
    <subfield code="0">0</subfield>
    <subfield code="1">0</subfield>
    <subfield code="4">0</subfield>
    <subfield code="7">0</subfield>
    <subfield code="a">HNW</subfield>
    <subfield code="b">HNW</subfield>
    <subfield code="d">2015-11-21</subfield>
    <subfield code="g">200.00</subfield>
    <subfield code="l">0</subfield>
    <subfield code="o">HNW-77658</subfield>
    <subfield code="p">HNW-77658</subfield>
    <subfield code="r">2015-11-21 00:00:00</subfield>
    <subfield code="v">200.00</subfield>
    <subfield code="w">2015-11-21</subfield>
    <subfield code="y">BOOK</subfield>
  </datafield>
</record>
